| 000 | 00759nam a2200193 4500 | ||
|---|---|---|---|
| 008 | 161202b xxu||||| |||| 00| 0 eng d | ||
| 020 | _a9748279901 | ||
| 082 |
_22002 _aDRef 616.075 _bD67 |
||
| 100 |
_918043 _aDoenges, Marilynn E. |
||
| 245 |
_aNurse's pocket guide: _bdiagnoses, interventions, and rationales/ _cMarilynn E. Doenges, Mary Frances Moorhouse and Alice C. Murr. |
||
| 250 | _a8th edition | ||
| 260 |
_aPhiladelphia: _bF.A. Davis Co., _cc2002. |
||
| 300 |
_axiv, 717 pages; _c20 cm. |
||
| 500 | _aIncludes appendices bibliographical references and index. | ||
| 650 | 0 |
_918044 _aNursing diagnosis _vHandbooks, manuals, etc. |
|
| 700 |
_918045 _aMoorhouse, Mary Frances. _eAuthor |
||
| 700 |
_918046 _aMurr, Alice C. _eAuthor |
||
| 942 |
_2ddc _cDREF |
||
| 999 |
_c5947 _d5947 |
||